[Event "10.Città di Padova Open A"]
[Site "Padova Ex Fornace Carotta"]
[Date "2007.12.18"]
[Round "4.5"]
[White "Okhotnik, Vladimir"]
[Black "Rettore, Ludwig"]
[Result "1-0"]
[WhiteElo "2433"]
[BlackElo "2177"]
[Annotator "Gabriele Ballarin"]
[PlyCount "69"]
[EventDate "2007.12.15"]
[EventType "swiss"]
[EventRounds "9"]
[EventCountry "ITA"]

1. d4 d5 2. c4 e6 3. Nf3 Nf6 4. g3 c5 5. cxd5 exd5 6. Bg2 Nc6 7. Nc3 Be7 8. O-O O-O 9. b3 cxd4 10. Nxd4 Re8 11. Bb2 Bf8 12. h3 Be6 13. Na4 Rc8 14. Rc1 Nd7 15. Nxe6 fxe6 16. e4 Nf6 17. exd5 exd5 18. Bxf6 Qxf6 19. Bxd5+ Kh8 20. Bxc6 Rxc6 21. Rxc6 Qxc6 22. Re1 Rxe1+ 23. Qxe1 h6 24. Qe3 b5 25. Nc3 Bc5 26. Qd3 Bb6 27. Ne4 Qc1+ 28. Kg2 Qb2 29. Qxb5 Qxa2 30. h4 Qc2 31. Qd5 Qb2 32. g4 Qc2 33. Qe6 Qc1 34. g5 Qf4 35. Qe8+ 1-0

[Event "10.Città di Padova Open A"]
[Site "Padova Ex Fornace Carotta"]
[Date "2007.12.18"]
[Round "4.6"]
[White "Vuelban, Virgilio"]
[Black "Panican, Gheorghe"]
[Result "1-0"]
[WhiteElo "2399"]
[BlackElo "2104"]
[Annotator "Gabriele Ballarin"]
[PlyCount "71"]
[EventDate "2007.12.15"]
[EventType "swiss"]
[EventRounds "9"]
[EventCountry "ITA"]

1. d4 Nf6 2. c4 g6 3. Nc3 Bg7 4. e4 d6 5. f3 O-O 6. Be3 e5 7. d5 c6 8. Bd3 cxd5 9. cxd5 Nh5 10. Nge2 f5 11. exf5 gxf5 12. O-O a6 13. Qc2 b5 14. Rac1 Kh8 15. Kh1 f4 16. Bf2 Nf6 17. Bh4 h6 18. Ne4 Bf5 19. Bxf6 Bxf6 20. Nxf6 Bxd3 21. Qxd3 Rxf6 22. Nc3 Nd7 23. Ne4 Rg6 24. Rc6 Nb6 25. b3 Rc8 26. Rfc1 Rxc6 27. Rxc6 Qh4 28. h3 Nd7 29. Qb1 Nf6 30. Rxd6 Nxe4 31. Rxg6 Nd2 32. Qd1 Kh7 33. Rg4 Qf2 34. Qg1 Qe3 35. Qc1 Nc4 36. Qb1+ 1-0

[Event "10.Città di Padova Open A"]
[Site "Padova Ex Fornace Carotta"]
[Date "2007.12.18"]
[Round "4.7"]
[White "Pomaro, Alberto"]
[Black "Rossi, Carlo"]
[Result "1/2-1/2"]
[WhiteElo "2153"]
[BlackElo "2342"]
[Annotator "Gabriele Ballarin"]
[PlyCount "48"]
[EventDate "2007.12.15"]
[EventType "swiss"]
[EventRounds "9"]
[EventCountry "ITA"]

1. e4 c5 2. Nf3 Nf6 3. Nc3 Nc6 4. d4 d5 5. exd5 Nxd5 6. Bc4 Nxc3 7. bxc3 e6 8. O-O Be7 9. Be3 Qa5 10. Qd3 a6 11. d5 b5 12. dxc6 bxc4 13. Qxc4 O-O 14. Ne5 Bd6 15. f4 Re8 16. Rad1 Qc7 17. Bxc5 Bxe5 18. fxe5 Qxc6 19. Rd6 Qc7 20. Qd4 Bb7 21. Bb6 Qc8 22. Qf4 Rf8 23. c4 Bc6 24. Rd3 Bxg2 1/2-1/2

[Event "10.Città di Padova Open A"]
[Site "Padova Ex Fornace Carotta"]
[Date "2007.12.18"]
[Round "4.8"]
[White "Navarro, Stefano"]
[Black "Moratto, Davide"]
[Result "1-0"]
[WhiteElo "2258"]
[BlackElo "1855"]
[Annotator "Gabriele Ballarin"]
[PlyCount "37"]
[EventDate "2007.12.15"]
[EventType "swiss"]
[EventRounds "9"]
[EventCountry "ITA"]

1. e4 c5 2. Nf3 d6 3. d4 cxd4 4. Nxd4 Nf6 5. Nc3 e5 6. Nb3 a6 7. Bg5 Be6 8. Be2 b5 9. Bxf6 gxf6 10. Nd5 Bxd5 11. Qxd5 Nd7 12. Bh5 Qc8 13. Na5 Kd8 14. O-O-O Bh6+ 15. Kb1 Bf8 16. Nb7+ Kc7 17. Nxd6 Bxd6 18. Qxd6+ Kd8 19. Bg4 1-0

[Event "10.Città di Padova Open A"]
[Site "Padova Ex Fornace Carotta"]
[Date "2007.12.18"]
[Round "4.9"]
[White "Opacic, Alexandar"]
[Black "Belloni, Umberto"]
[Result "1-0"]
[WhiteElo "2109"]
[BlackElo "1912"]
[Annotator "Gabriele Ballarin"]
[PlyCount "53"]
[EventDate "2007.12.15"]
[EventType "swiss"]
[EventRounds "9"]
[EventCountry "ITA"]

1. e4 e6 2. d4 d5 3. Nd2 dxe4 4. Nxe4 Nf6 5. Nxf6+ gxf6 6. Be3 c6 7. Nf3 Nd7 8. Qd2 a5 9. O-O-O a4 10. c4 Qa5 11. Qc2 h5 12. Bd3 b5 13. cxb5 cxb5 14. Qc6 Rb8 15. d5 e5 16. Bf5 Qd8 17. Kb1 Bg7 18. Bc5 Bf8 19. Bxf8 Kxf8 20. d6 Kg7 21. g4 Rb6 22. Qc7 Rb7 23. Qc1 h4 24. Rhg1 Nb6 25. Bxc8 Nxc8 26. g5 Kf8 27. gxf6 1-0

[Event "10.Città di Padova Open A"]
[Site "Padova Ex Fornace Carotta"]
[Date "2007.12.18"]
[Round "4.10"]
[White "Cardili, Mariano"]
[Black "Litrico, Paolo"]
[Result "1-0"]
[WhiteElo "2100"]
[BlackElo "1823"]
[Annotator "Gabriele Ballarin"]
[PlyCount "117"]
[EventDate "2007.12.15"]
[EventType "swiss"]
[EventRounds "9"]
[EventCountry "ITA"]

1. d4 f5 2. c4 Nf6 3. Nf3 g6 4. g3 Bg7 5. Bg2 O-O 6. O-O d6 7. Nc3 Qe8 8. d5 Na6 9. Rb1 Nc5 10. Nd4 e5 11. dxe6 Nxe6 12. Nxe6 Qxe6 13. b3 c6 14. Bb2 Qe7 15. Qc2 Be6 16. Rbd1 Rad8 17. e3 d5 18. cxd5 Nxd5 19. Nxd5 Bxd5 20. Bxg7 Qxg7 21. Bxd5+ cxd5 22. Rd4 Rd7 23. Rfd1 Rfd8 24. Qd2 Kf8 25. Rc1 Qe7 26. Rc3 g5 27. Qc2 Qe6 28. Rc8 Rxc8 29. Qxc8+ Kg7 30. Qc3 Kg6 31. Qd3 g4 32. Rxg4+ Kh6 33. Rd4 Kg5 34. Qd2 Kg6 35. f3 h5 36. e4 fxe4 37. fxe4 Qb6 38. Kg2 Rf7 39. Rxd5 Qc7 40. Qg5+ Kh7 41. Qxh5+ Kg8 42. Rg5+ Kf8 43. Qh8+ Ke7 44. Qe5+ Kf8 45. Qxc7 Rxc7 46. Rf5+ Ke7 47. h4 Rc2+ 48. Rf2 Rc5 49. g4 Ke6 50. Kg3 Rc3+ 51. Kf4 Rc5 52. h5 Kf6 53. Rh2 Rc7 54. g5+ Kg7 55. h6+ Kh7 56. Kf5 Rf7+ 57. Ke6 Rf4 58. g6+ Kxg6 59. h7 1-0

[Event "10.Città di Padova Open A"]
[Site "Padova Ex Fornace Carotta"]
[Date "2007.12.18"]
[Round "4.11"]
[White "Gallo, Enrico"]
[Black "Chiesa, Roberto"]
[Result "1-0"]
[WhiteElo "2077"]
[BlackElo "1709"]
[Annotator "Gabriele Ballarin"]
[PlyCount "47"]
[EventDate "2007.12.15"]
[EventType "swiss"]
[EventRounds "9"]
[EventCountry "ITA"]

1. e4 e6 2. d4 d5 3. Nd2 Nf6 4. e5 Nfd7 5. Bd3 c5 6. c3 Nc6 7. Ne2 cxd4 8. cxd4 Qb6 9. Nf3 f6 10. Nc3 fxe5 11. dxe5 Ndxe5 12. Nxe5 Nxe5 13. Qh5+ Nf7 14. Bb5+ Ke7 15. O-O g6 16. Qh4+ g5 17. Bxg5+ Nxg5 18. Qxg5+ Kf7 19. Be2 Ke8 20. Bh5+ Kd7 21. Qf6 e5 22. Qxh8 Qh6 23. Nxd5 Bg7 24. Qe8+ 1-0

[Event "10.Città di Padova Open A"]
[Site "Padova Ex Fornace Carotta"]
[Date "2007.12.18"]
[Round "4.12"]
[White "Battagin_214, Mosè"]
[Black "Quaranta, Cristiano"]
[Result "0-1"]
[WhiteElo "1701"]
[BlackElo "2070"]
[Annotator "Gabriele Ballarin"]
[PlyCount "76"]
[EventDate "2007.12.15"]
[EventType "swiss"]
[EventRounds "9"]
[EventCountry "ITA"]

1. e4 e6 2. d4 d5 3. Nc3 Nc6 4. e5 f6 5. Nf3 fxe5 6. dxe5 Nge7 7. Bg5 Qd7 8. Bd3 Nb4 9. O-O Nxd3 10. Qxd3 Nc6 11. Rad1 Qf7 12. Rfe1 h6 13. Nxd5 exd5 14. e6 Qh5 15. Qxd5 Be7 16. Ne5 Qxg5 17. f4 Qf5 18. g4 Qxe6 19. Qxe6 Bxe6 20. Nxc6 bxc6 21. Rxe6 Kf7 22. Rxc6 Bd6 23. f5 Rad8 24. Rd3 Rhe8 25. h3 Re2 26. a3 Rde8 27. b4 Re1+ 28. Kf2 R8e2+ 29. Kf3 Rh2 30. h4 Rg1 31. Rxc7+ Bxc7 32. Rd7+ Kf6 33. Rxc7 Rh3+ 34. Kf2 Rxg4 35. Rxa7 Rc3 36. b5 Rxc2+ 37. Kf3 Rxh4 38. a4 Rc3+ 0-1

[Event "10.Città di Padova Open A"]
[Site "Padova Ex Fornace Carotta"]
[Date "2007.12.18"]
[Round "4.13"]
[White "Sgaravatti, Francesco"]
[Black "Rossi, Giampiero"]
[Result "1-0"]
[WhiteElo "2175"]
[BlackElo "1991"]
[Annotator "Gabriele Ballarin"]
[PlyCount "47"]
[EventDate "2007.12.15"]
[EventType "swiss"]
[EventRounds "9"]
[EventCountry "ITA"]

1. e4 c5 2. Nf3 e6 3. c3 d5 4. e5 d4 5. Bb5+ Bd7 6. Qe2 Nc6 7. O-O Nge7 8. b4 cxb4 9. cxb4 Ng6 10. a3 Nh4 11. Nxh4 Qxh4 12. d3 a6 13. Bc4 Be7 14. Nd2 O-O 15. f4 Rfd8 16. Rf3 Bf8 17. Ne4 Qe7 18. Rh3 h6 19. g4 b5 20. Ba2 f6 21. exf6 gxf6 22. f5 Re8 23. Bxh6 Bxh6 24. Rxh6 1-0

[Event "10.Città di Padova Open A"]
[Site "Padova Ex Fornace Carotta"]
[Date "2007.12.18"]
[Round "4.14"]
[White "Faccia, Sergio"]
[Black "Fortunato, Lorenzo"]
[Result "1-0"]
[WhiteElo "2071"]
[BlackElo "1440"]
[Annotator "Gabriele Ballarin"]
[PlyCount "57"]
[EventDate "2007.12.15"]
[EventType "swiss"]
[EventRounds "9"]
[EventCountry "ITA"]

1. e4 e5 2. Nf3 Nc6 3. d4 exd4 4. Bc4 Nf6 5. O-O d6 6. Nxd4 Bd7 7. Nc3 Ne5 8. Bb3 c6 9. f4 Ng6 10. e5 dxe5 11. fxe5 Nxe5 12. Re1 Bg4 13. Rxe5+ Be7 14. Qd3 O-O 15. Bg5 Bd6 16. Ree1 Bc5 17. Be3 Re8 18. Bf2 Qd7 19. Nf3 Qxd3 20. cxd3 Bxf3 21. Bxc5 Bh5 22. Ne4 Nxe4 23. Rxe4 Red8 24. Rae1 b6 25. Bb4 h6 26. d4 Kh7 27. Bc3 a5 28. Re7 Rd6 29. Bxf7 1-0

[Event "10.Città di Padova Open A"]
[Site "Padova Ex Fornace Carotta"]
[Date "2007.12.18"]
[Round "4.15"]
[White "Conflitti, Alessandro"]
[Black "Casciello, Dimitri"]
[Result "1-0"]
[WhiteElo "1664"]
[BlackElo "2017"]
[Annotator "Gabriele Ballarin"]
[PlyCount "85"]
[EventDate "2007.12.15"]
[EventType "swiss"]
[EventRounds "9"]
[EventCountry "ITA"]

1. e4 c5 2. Nf3 d6 3. Bb5+ Nc6 4. O-O Bd7 5. Re1 Nf6 6. c3 a6 7. Ba4 b5 8. Bc2 Bg4 9. h3 Bh5 10. d3 e6 11. Be3 Be7 12. a3 O-O 13. Nbd2 d5 14. d4 cxd4 15. cxd4 dxe4 16. Nxe4 Bxf3 17. gxf3 Qd5 18. Qd3 Qh5 19. Kh2 Rfd8 20. Rg1 Ne5 21. dxe5 Rxd3 22. exf6 Rd7 23. fxe7 Kh8 24. Rg5 Qxf3 25. Rag1 g6 26. R1g3 Qe2 27. e8=Q+ Rxe8 28. Nf6 Qxc2 29. Nxd7 Qxb2 30. Rc5 Rd8 31. Bh6 Qxf2+ 32. Rg2 Qf3 33. Rgc2 Qa8 34. Ne5 Kg8 35. Rc7 Qb8 36. Nxf7 Rd7 37. Bf4 Rxc7 38. Nh6+ Kf8 39. Rxc7 Qb6 40. Ng4 Qd4 41. Rc8+ Ke7 42. Bg5+ Kf7 43. Nh6+ 1-0

[Event "10.Città di Padova Open A"]
[Site "Padova Ex Fornace Carotta"]
[Date "2007.12.18"]
[Round "4.16"]
[White "Topollaj, Mark"]
[Black "Cedriano, Filippo"]
[Result "0-1"]
[WhiteElo "1413"]
[BlackElo "2016"]
[Annotator "Gabriele Ballarin"]
[PlyCount "26"]
[EventDate "2007.12.15"]
[EventType "swiss"]
[EventRounds "9"]
[EventCountry "ITA"]

1. e4 Nc6 2. d4 d5 3. exd5 Qxd5 4. Be3 e5 5. c3 exd4 6. Bxd4 Nxd4 7. Qxd4 Qxd4 8. cxd4 Be6 9. Nc3 O-O-O 10. O-O-O Nf6 11. f3 Bb4 12. Nge2 Rd7 13. Kb1 Rhd8 0-1

[Event "10.Città di Padova Open A"]
[Site "Padova Ex Fornace Carotta"]
[Date "2007.12.18"]
[Round "4.17"]
[White "Palumbo, Giuseppe"]
[Black "De Marchi, Alessandro"]
[Result "1-0"]
[WhiteElo "1613"]
[BlackElo "1719"]
[Annotator "Gabriele Ballarin"]
[PlyCount "69"]
[EventDate "2007.12.15"]
[EventType "swiss"]
[EventRounds "9"]
[EventCountry "ITA"]

1. e4 Nf6 2. e5 Nd5 3. d4 d6 4. Nf3 Bg4 5. Be2 e6 6. c4 Nb6 7. exd6 cxd6 8. b3 Be7 9. Nc3 O-O 10. Bb2 d5 11. Ne5 Bxe2 12. Qxe2 dxc4 13. bxc4 a5 14. O-O Qc7 15. d5 exd5 16. Nxd5 Nxd5 17. cxd5 Bd6 18. Qh5 Nd7 19. Rac1 Qd8 20. Ng4 f6 21. Rfe1 Rc8 22. Qf5 Rxc1 23. Qe6+ Kh8 24. Bxc1 Nc5 25. Qe2 Kg8 26. Ne3 Re8 27. Rd1 b5 28. Qc2 g6 29. Ng4 Kf7 30. Bb2 f5 31. Qc3 Bf8 32. Ne5+ Kg8 33. Nc6 Qd7 34. Qh8+ Kf7 35. Qxh7+ 1-0

[Event "10.Città di Padova Open A"]
[Site "Padova Ex Fornace Carotta"]
[Date "2007.12.18"]
[Round "4.18"]
[White "Pichierri, Gianmatteo"]
[Black "Mazzella, Riccardo"]
[Result "1-0"]
[WhiteElo "1569"]
[BlackElo "1371"]
[Annotator "Gabriele Ballarin"]
[PlyCount "37"]
[EventDate "2007.12.15"]
[EventType "swiss"]
[EventRounds "9"]
[EventCountry "ITA"]

1. e4 e5 2. f4 Nc6 3. Nf3 d6 4. Bc4 h6 5. O-O Bg4 6. fxe5 Nxe5 7. Bb3 Bxf3 8. gxf3 Nf6 9. d4 Ng6 10. Nc3 Be7 11. f4 Qd7 12. f5 Nf8 13. Ba4 c6 14. d5 N8h7 15. e5 dxe5 16. dxc6 Qd4+ 17. Qxd4 exd4 18. cxb7+ Kf8 19. bxa8=Q+ 1-0

[Event "10.Città di Padova Open A"]
[Site "Padova Ex Fornace Carotta"]
[Date "2007.12.18"]
[Round "4.19"]
[White "Lodi, Paolo"]
[Black "Stiz, Massimiliano"]
[Result "0-1"]
[WhiteElo "1465"]
[BlackElo "2086"]
[Annotator "Gabriele Ballarin"]
[PlyCount "103"]
[EventDate "2007.12.15"]
[EventType "swiss"]
[EventRounds "9"]
[EventCountry "ITA"]

1. Nf3 f5 2. c4 Nf6 3. g3 e6 4. Bg2 Be7 5. O-O O-O 6. d4 Ne4 7. Nc3 Bf6 8. Qb3 d6 9. e3 Nxc3 10. bxc3 Nd7 11. c5 d5 12. Nd2 c6 13. f3 Rb8 14. Qa4 a6 15. e4 Qc7 16. exf5 exf5 17. f4 b6 18. cxb6 Nxb6 19. Qc2 c5 20. Ba3 cxd4 21. Bxf8 Kxf8 22. Rac1 dxc3 23. Nf3 Nc4 24. Rfe1 Qc5+ 25. Kh1 Ne3 26. Rxe3 Qxe3 27. Re1 Qc5 28. Qa4 Bb7 29. Rb1 c2 30. Rc1 Bc6 31. Qxc2 Qxc2 32. Rxc2 Rb1+ 33. Ng1 Bd4 34. h4 Bb7 35. Kh2 Bxg1+ 36. Kh3 d4 37. Bxb7 Rxb7 38. Kg2 Be3 39. Kf3 Rb1 40. h5 Rf1+ 41. Kg2 Rd1 42. Rc8+ Ke7 43. Rc7+ Kd6 44. Rxg7 Rd2+ 45. Kh3 Bg1 46. Kh4 Rxa2 47. Rxh7 d3 48. Rh6+ Kd5 49. Rd6+ Kxd6 50. h6 d2 51. h7 d1=Q 52. h8=Q 0-1

[Event "10.Città di Padova Open A"]
[Site "Padova Ex Fornace Carotta"]
[Date "2007.12.18"]
[Round "4.20"]
[White "Zanini, Andrea"]
[Black "Franz, Paolo"]
[Result "1-0"]
[WhiteElo "1646"]
[BlackElo "1500"]
[Annotator "Gabriele Ballarin"]
[PlyCount "81"]
[EventDate "2007.12.15"]
[EventType "swiss"]
[EventRounds "9"]
[EventCountry "ITA"]

1. Nf3 Nf6 2. d4 g6 3. Nbd2 Bg7 4. e4 d6 5. Bd3 Nc6 6. c3 O-O 7. O-O Bg4 8. h3 Bd7 9. Re1 e5 10. dxe5 Nxe5 11. Nxe5 dxe5 12. Nf3 Re8 13. Bg5 c6 14. Bc4 Be6 15. Nxe5 Qxd1 16. Raxd1 Bxc4 17. Bxf6 Bxf6 18. Nxc4 Re7 19. Rd6 Bg7 20. f3 Rae8 21. Red1 Be5 22. Rd7 Bc7 23. Kf2 Kf8 24. g3 f6 25. g4 Kf7 26. Nd6+ Bxd6 27. R1xd6 Rxd7 28. Rxd7+ Re7 29. Rd8 Ke6 30. Ke3 Rd7 31. Rxd7 Kxd7 32. Kf4 Ke6 33. h4 h6 34. g5 fxg5+ 35. hxg5 c5 36. gxh6 Kf6 37. Kg4 c4 38. f4 b5 39. e5+ Kf7 40. f5 a5 41. a3 1-0

[Event "10.Città di Padova Open A"]
[Site "Padova Ex Fornace Carotta"]
[Date "2007.12.19"]
[Round "5.1"]
[White "Laketic, Gojko"]
[Black "Dragojlovic, Andjelko"]
[Result "1-0"]
[WhiteElo "2433"]
[BlackElo "2409"]
[Annotator "Gabriele Ballarin"]
[PlyCount "27"]
[EventDate "2007.12.15"]
[EventType "swiss"]
[EventRounds "9"]
[EventCountry "ITA"]

1. e4 e6 2. d4 d5 3. e5 c5 4. c3 Qb6 5. Nf3 Bd7 6. a3 a5 7. Be2 a4 8. O-O Bb5 9. c4 dxc4 10. d5 exd5 11. Qxd5 Ne7 12. Qe4 Qc6 13. Qh4 h6 14. Qh5 1-0

[Event "10.Città di Padova Open A"]
[Site "Padova Ex Fornace Carotta"]
[Date "2007.12.19"]
[Round "5.2"]
[White "Vuelban, Virgilio"]
[Black "Lazic, Miroljub"]
[Result "0-1"]
[WhiteElo "2399"]
[BlackElo "2492"]
[Annotator "Gabriele Ballarin"]
[PlyCount "94"]
[EventDate "2007.12.15"]
[EventType "swiss"]
[EventRounds "9"]
[EventCountry "ITA"]

1. e4 e5 2. Nf3 Nc6 3. Nc3 Nf6 4. d4 Bb4 5. Nxe5 Qe7 6. Nxc6 Qxe4+ 7. Qe2 dxc6 8. Bd2 Qxe2+ 9. Bxe2 Bf5 10. O-O-O O-O-O 11. Bg5 Rde8 12. Bf3 Bxc3 13. bxc3 Nd7 14. Rde1 Be6 15. a3 Bd5 16. Bg4 Bxg2 17. Rhg1 Bd5 18. Bxd7+ Kxd7 19. Bf4 Rxe1+ 20. Rxe1 f6 21. Kd2 g5 22. Bg3 h5 23. h4 Rg8 24. Ke3 Ke6 25. f3 g4 26. f4 f5 27. Kd2+ Be4 28. c4 c5 29. dxc5 Kd7 30. Re3 Kc6 31. Bf2 Bf3 32. Re6+ Kd7 33. Re3 g3 34. Rxf3 gxf2 35. Rxf2 Rg3 36. Re2 Rf3 37. Re5 Rxf4 38. Kd3 c6 39. a4 a5 40. Kc3 Rf3+ 41. Kd4 Kd8 42. Re3 Rxe3 43. Kxe3 Ke7 44. Kf4 Kf6 45. c3 Ke6 46. Kg5 Ke5 47. Kxh5 Kf6 0-1

[Event "10.Città di Padova Open A"]
[Site "Padova Ex Fornace Carotta"]
[Date "2007.12.19"]
[Round "5.3"]
[White "De Santis, Alessio"]
[Black "Naumkin, Igor"]
[Result "1/2-1/2"]
[WhiteElo "2367"]
[BlackElo "2486"]
[Annotator "Gabriele Ballarin"]
[PlyCount "20"]
[EventDate "2007.12.15"]
[EventType "swiss"]
[EventRounds "9"]
[EventCountry "ITA"]

1. d4 e6 2. c4 f5 3. g3 Nf6 4. Bg2 Be7 5. Nc3 O-O 6. Nf3 d6 7. O-O a5 8. Bg5 Ng4 9. Qd2 Nc6 10. h3 Nf6 1/2-1/2

[Event "10.Città di Padova Open A"]
[Site "Padova Ex Fornace Carotta"]
[Date "2007.12.19"]
[Round "5.4"]
[White "Kizov, Atanas"]
[Black "Okhotnik, Vladimir"]
[Result "1/2-1/2"]
[WhiteElo "2396"]
[BlackElo "2433"]
[Annotator "Gabriele Ballarin"]
[PlyCount "25"]
[EventDate "2007.12.15"]
[EventType "swiss"]
[EventRounds "9"]
[EventCountry "ITA"]

1. d4 g6 2. e4 Bg7 3. Nf3 d6 4. Bc4 Nc6 5. O-O e5 6. dxe5 dxe5 7. Qe2 Nf6 8. Rd1 Qe7 9. c3 Nh5 10. Bg5 Bf6 11. Be3 Nd8 12. Nbd2 O-O 13. g3 1/2-1/2

[Event "10.Città di Padova Open A"]
[Site "Padova Ex Fornace Carotta"]
[Date "2007.12.19"]
[Round "5.5"]
[White "Manca, Federico"]
[Black "Navarro, Stefano"]
[Result "1/2-1/2"]
[WhiteElo "2405"]
[BlackElo "2258"]
[Annotator "Gabriele Ballarin"]
[PlyCount "73"]
[EventDate "2007.12.15"]
[EventType "swiss"]
[EventRounds "9"]
[EventCountry "ITA"]

1. e4 e5 2. Nf3 d6 3. d4 exd4 4. Nxd4 Nf6 5. Nc3 Be7 6. g3 O-O 7. Bg2 c6 8. O-O Re8 9. h3 Na6 10. g4 h6 11. Nde2 Nc5 12. Ng3 Be6 13. Be3 Qa5 14. Qd4 Ncd7 15. f4 Rad8 16. Qd2 Bf8 17. Bf3 Qc7 18. Kg2 Nb6 19. Bd4 Nh7 20. Rae1 d5 21. exd5 Nxd5 22. Nxd5 Bxd5 23. Rxe8 Bxf3+ 24. Rxf3 Rxe8 25. Be5 Rd8 26. Rd3 Rxd3 27. Qxd3 Qe7 28. Nf5 Qe6 29. Qd8 f6 30. Bc3 Qe2+ 31. Kg3 Qxc2 32. Qe8 Qd3+ 33. Kf2 Qc4 34. Ne7+ Kh8 35. Ng6+ Kg8 36. Ne7+ Kh8 37. Ng6+ 1/2-1/2

[Event "10.Città di Padova Open A"]
[Site "Padova Ex Fornace Carotta"]
[Date "2007.12.19"]
[Round "5.7"]
[White "Rossi, Carlo"]
[Black "Cardili, Mariano"]
[Result "1-0"]
[WhiteElo "2342"]
[BlackElo "2100"]
[Annotator "Gabriele Ballarin"]
[PlyCount "45"]
[EventDate "2007.12.15"]
[EventType "swiss"]
[EventRounds "9"]
[EventCountry "ITA"]

1. c4 c5 2. Nc3 Nc6 3. g3 g6 4. Bg2 Bg7 5. d3 Nf6 6. Bd2 O-O 7. Qc1 Re8 8. Bh6 Bh8 9. h4 e6 10. Bg5 Nd4 11. Bd2 Rb8 12. Bg5 b6 13. h5 Bb7 14. Bxb7 Rxb7 15. Nh3 b5 16. Nf4 b4 17. Nd1 b3 18. Ne3 Qb6 19. hxg6 fxg6 20. Nxg6 hxg6 21. Rxh8+ Kxh8 22. Bxf6+ Kg8 23. Ng4 1-0

[Event "10.Città di Padova Open A"]
[Site "Padova Ex Fornace Carotta"]
[Date "2007.12.19"]
[Round "5.8"]
[White "Quaranta, Cristiano"]
[Black "Pomaro, Alberto"]
[Result "1-0"]
[WhiteElo "2070"]
[BlackElo "2153"]
[Annotator "Gabriele Ballarin"]
[PlyCount "81"]
[EventDate "2007.12.15"]
[EventType "swiss"]
[EventRounds "9"]
[EventCountry "ITA"]

1. d4 Nf6 2. Nf3 g6 3. c4 Bg7 4. Nc3 O-O 5. e4 d6 6. Be2 Nc6 7. d5 Nb8 8. O-O a5 9. Be3 Na6 10. Nd2 Nd7 11. Qc2 Ndc5 12. a3 f5 13. f3 f4 14. Bf2 a4 15. Rfd1 Bd7 16. Rab1 b6 17. Nb5 e5 18. dxe6 Nxe6 19. Qxa4 Nd4 20. Re1 Qg5 21. Qd1 Nc6 22. Nb3 Qe7 23. Nc3 g5 24. Nd5 Qd8 25. Nd4 Ne5 26. Nf5 Bxf5 27. exf5 Rxf5 28. Ne7+ Qxe7 29. Qd5+ Rf7 30. Qxa8+ Rf8 31. Qxa6 g4 32. Qb7 h5 33. Qd5+ Kh8 34. fxg4 Qg5 35. h4 Qe7 36. g5 Qd7 37. Bf3 c6 38. Qe4 Qf7 39. Bd4 Qxc4 40. Bxe5 Qc5+ 41. Qd4 1-0

[Event "10.Città di Padova Open A"]
[Site "Padova Ex Fornace Carotta"]
[Date "2007.12.19"]
[Round "5.9"]
[White "Rettore, Ludwig"]
[Black "Gallo, Enrico"]
[Result "1/2-1/2"]
[WhiteElo "2177"]
[BlackElo "2077"]
[Annotator "Gabriele Ballarin"]
[PlyCount "89"]
[EventDate "2007.12.15"]
[EventType "swiss"]
[EventRounds "9"]
[EventCountry "ITA"]

1. e4 c5 2. Nf3 e6 3. d4 cxd4 4. Nxd4 Nc6 5. Nb5 d6 6. c4 Nf6 7. N1c3 Be7 8. Be2 O-O 9. O-O a6 10. Na3 Qc7 11. Be3 b6 12. Rc1 Bb7 13. f3 Ne5 14. Qd2 Rfd8 15. Rfd1 Rac8 16. Qe1 Bc6 17. Nd5 Bxd5 18. cxd5 Qb7 19. Nc4 Nxc4 20. Bxc4 b5 21. Bb3 Rxc1 22. Bxc1 exd5 23. Bxd5 Nxd5 24. Rxd5 Qc6 25. Bf4 h6 26. Qd2 Rc8 27. h3 Qc2 28. Bxd6 Qb1+ 29. Kh2 Rc2 30. Qf4 Qf1 31. Rd2 Bg5 32. Qxg5 hxg5 33. Rxc2 Qb1 34. Rc8+ Kh7 35. b4 Qxa2 36. Ra8 Kg6 37. Ra7 Kh5 38. Ra8 Kg6 39. Ra7 Kh7 40. Ra8 Qa3 41. Ra7 Kg6 42. Bc5 Kf6 43. Bd4+ Kg6 44. Bc5 Qb2 45. Bd6 1/2-1/2

[Event "10.Città di Padova Open A"]
[Site "Padova Ex Fornace Carotta"]
[Date "2007.12.19"]
[Round "5.10"]
[White "Cedriano, Filippo"]
[Black "Sgaravatti, Francesco"]
[Result "0-1"]
[WhiteElo "2016"]
[BlackElo "2175"]
[Annotator "Gabriele Ballarin"]
[PlyCount "46"]
[EventDate "2007.12.15"]
[EventType "swiss"]
[EventRounds "9"]
[EventCountry "ITA"]

1. e4 e6 2. d3 d5 3. Nd2 Nf6 4. Ngf3 dxe4 5. dxe4 Bc5 6. h3 Nc6 7. e5 Nd7 8. Ne4 Be7 9. Bf4 O-O 10. c3 a5 11. Bd3 f6 12. exf6 gxf6 13. Bh6 Rf7 14. Qe2 Bf8 15. Bxf8 Qxf8 16. h4 Qh6 17. Rh3 Nde5 18. Rg3+ Kh8 19. Bc2 b6 20. Nxe5 Nxe5 21. Ng5 Rg7 22. f4 Qxh4 23. O-O-O Qxf4+ 0-1

[Event "10.Città di Padova Open A"]
[Site "Padova Ex Fornace Carotta"]
[Date "2007.12.19"]
[Round "5.11"]
[White "Panican, Gheorghe"]
[Black "Palumbo, Giuseppe"]
[Result "1-0"]
[WhiteElo "2104"]
[BlackElo "1613"]
[Annotator "Gabriele Ballarin"]
[PlyCount "75"]
[EventDate "2007.12.15"]
[EventType "swiss"]
[EventRounds "9"]
[EventCountry "ITA"]

1. e4 c5 2. Nf3 d6 3. d4 cxd4 4. Nxd4 Nf6 5. Nc3 a6 6. a4 e6 7. Be2 Be7 8. O-O O-O 9. Be3 Qc7 10. f4 Nc6 11. Kh1 Bd7 12. Nb3 Rad8 13. a5 Rc8 14. Bb6 Qb8 15. Qd2 Bd8 16. Bg1 Bc7 17. f5 Ne5 18. h3 Bc6 19. Qd4 Rcd8 20. fxe6 fxe6 21. Qb4 Rd7 22. Nd4 Qe8 23. Nxc6 Nxc6 24. Qxb7 Rdf7 25. Qxa6 d5 26. exd5 exd5 27. Bb5 Nh5 28. g4 Ng3+ 29. Kg2 Nxf1 30. Bxc6 Qe5 31. Qd3 Ne3+ 32. Qxe3 Rf2+ 33. Bxf2 Qh2+ 34. Kf1 Bg3 35. Bxd5+ Kh8 36. Bf3 Qxh3+ 37. Ke2 Bf4 38. Rh1 1-0

[Event "10.Città di Padova Open A"]
[Site "Padova Ex Fornace Carotta"]
[Date "2007.12.19"]
[Round "5.12"]
[White "Moratto, Davide"]
[Black "Faccia, Sergio"]
[Result "0-1"]
[WhiteElo "1855"]
[BlackElo "2071"]
[Annotator "Gabriele Ballarin"]
[PlyCount "46"]
[EventDate "2007.12.15"]
[EventType "swiss"]
[EventRounds "9"]
[EventCountry "ITA"]

1. e4 e5 2. Nf3 f5 3. exf5 Nc6 4. d4 exd4 5. Nxd4 Nxd4 6. Qxd4 d5 7. Be2 Nf6 8. g4 c5 9. Qe5+ Kf7 10. g5 Bd6 11. Qc3 Ne4 12. Qf3 Rf8 13. Qh5+ Kg8 14. f3 Bxf5 15. fxe4 Bxe4 16. Rg1 Qe7 17. Nc3 Bf3 18. Qh4 d4 19. Bd2 dxc3 20. Qc4+ Kh8 21. Bxc3 Rad8 22. O-O-O Bxe2 23. Bxg7+ Kxg7 0-1